000 01295cam a2200301 4500
001 ABS65225
008 020403n2002 000 0 eng u
035 _a(Sirsi) u117323
100 _aWilliams, A.
245 _aUnderstanding Part L
260 _c2002
490 _aArchitects' Journal
_v215(8) 28 February 2002, 55-71(11)
520 _aThe revised Building Regulations Approved Document Part L (L1 for domestic, L2 for non-domestic) came into force on 1 April 2002. The series of articles look at some of the key issues for architects - covering energy efficiency; the manufacturing technicalities that need to be implemented early on in the design process; whether Part L exaggerates the effect that changes to architects' designs will have on carbon dioxide emissions and testing the airtightness of buildings.
590 _aABS
650 _aBUILDING REGULATIONS APPROVED DOCUMENTS PART L1
650 _aBUILDING REGULATION APPROVED DOCUMENTS PART L2
650 _aARCHITECTS
650 _aAIRTIGHTNESS
650 _aCARBON DIOXIDE EMISSIONS
650 _aCOMPLIANCE
690 _aBUILT ENVIRONMENT-BUILDING STANDARDS
700 _aEvans, H.
700 _aGuldberg, H.
700 _aSammonds, P.
700 _aWild, S.
700 _aPartington, R.
942 _n0
999 _c69897
_d69897